00642 2200193 4500001002100000005001500021035002000036007000300056008004100059020001600100082001000116084001600126100002600142245006200168260002900230300004300259520013000302600001600432INLIS00000000000051920210831101801 a0010-0821000039ta210831 b 1 ind  a602637333-0 a398.2 a398.2 YUD k0 aYudhistira Ikranegara1 aKumpulan Cerita Rakyat Nusantara /cYudhistira Ikranegara aJakarta :bSandro,c2009 a128 Halaman :bIlustrasi ;c15 x 23 cm aAl-Kisah dahulu di negeri Alas termasuk wilayah Nangro Aceh Darussalam,ada seorang raja yang bijaksana dan dicintai rakyatnya 4aCerita Anak